The Rise and Fall of the great powers: (Record no. 589038)

000 -LEADER
fixed length control field 00372nam a22001217a 4500
082 ## - DEWEY DECIMAL CLASSIFICATION NUMBER
Classification number 909.82
Author Mark KEN
100 ## - MAIN ENTRY--PERSONAL NAME
Personal name Kennedy, Paul
245 ## - TITLE STATEMENT
Title The Rise and Fall of the great powers:
Remainder of title economic change and military conflict from 1500 to 2000 /
Statement of responsibility, etc. Paul Kennedy
260 ## - PUBLICATION, DISTRIBUTION, ETC.
Place of publication, distribution, etc. Lahore :
Name of publisher, distributor, etc. Service Book Club,
Date of publication, distribution, etc. 1996.
300 ## - PHYSICAL DESCRIPTION
Extent 893p. ;
Dimensions 20 cm.
563 ## - BINDING INFORMATION
Binding note HBK.
942 ## - ADDED ENTRY ELEMENTS (KOHA)
Source of classification or shelving scheme
Koha item type Book
Holdings
Withdrawn status Lost status Source of classification or shelving scheme Damaged status Not for loan Permanent Location Current Location Date acquired Source of acquisition Total Checkouts Full call number Barcode Date last seen Price effective from Koha item type
          Central Library (CL) Central Library (CL) 04/05/2022 Donation   909.82 KEN CL-D-1559 04/18/2022 04/05/2022 Book
© 2023 Central Library, National University of Sciences and Technology. All Rights Reserved.